| 000 | 00575ngm a22002410a 4500 | ||
|---|---|---|---|
| 001 | PT19506 | ||
| 003 | AR-LpoUNG | ||
| 005 | 20210202000310.0 | ||
| 007 | vd cvaizq | ||
| 008 | 191001suuuu||||ag |||||||||||||||||rus d | ||
| 037 | _c$9,97 | ||
| 040 |
_aAR-LpoUNG _bspa _cAR-LpoUNG _eaacr |
||
| 044 | _aag | ||
| 082 | 0 | _a927 176and | |
| 100 | 1 | _aTarkovski, Andrei | |
| 245 | 1 | 0 | _aAndrei Rublev |
| 260 |
_aBuenos Aires : _bKinema, _c|1966]. |
||
| 300 | _aVHS (188 min.) : son., byn, col. | ||
| 653 | _aCINE RUSO | ||
| 653 | _aVIDEOS | ||
| 905 | _a19506 | ||
| 942 | _cVIDEO | ||
| 999 |
_c54544 _d54544 |
||